000 00545nam a2200205Ia 4500
005 20260429112056.0
008 260429s9999||||xx |||||||||||||| ||und||
020 _a9781032768601
041 _aEnglish
082 _a382.0954
_bRED
100 _aReddy, Moola Atchi
245 0 _aEast India Company and trade in South India /
_cMoola Atchi Reddy
250 _a1st ed.
260 _aLondon :
_bRoutledge,
_c2024.
300 _axiv, 210 p.; hb
650 _a East India Company
650 _a South India
650 _aTrade
942 _cTB
999 _c52224
_d52224